Tukang kasut yang bertuah
| Main Author: | |
|---|---|
| Format: | Book |
| Published: |
Petaling Jaya :
Hasrat Murni ,
1996
|
| Series: | Siri Teladan Islam
|
| Subjects: |
MARC
| LEADER | 00000cam a2200000 7i4500 | ||
|---|---|---|---|
| 001 | 0000008054 | ||
| 002 | 000008790 | ||
| 005 | 20000330.0 | ||
| 020 | |a 9830600246 | ||
| 090 | 0 | 0 | |a JF |b AME |
| 100 | 1 | |a Amer Hj Matsom | |
| 245 | 1 | 0 | |a Tukang kasut yang bertuah |c Amer Haji Matsom |
| 260 | |a Petaling Jaya : |b Hasrat Murni , |c 1996 | ||
| 300 | |a 24p. : |b ill. ; |c 18cm. | ||
| 490 | 0 | |a Siri Teladan Islam | |
| 650 | 0 | 0 | |a Children's stories, Malay |
| 999 | |a 053180 |b BUKU |c PINJAMAN |e PERPUSTAKAAN KOMUNITI PETALING JAYA | ||